书目信息 |
| 题名: |
微课
|
|
| 作者: | 唐绪莹 , 熊洁 著 | |
| 分册: | ||
| 出版信息: | 北京 机械工业出版社 2017 |
|
| 页数: | 17,224页 | |
| 开本: | 22cm | |
| 丛书名: | ||
| 单 册: | ||
| 中图分类: | F272.921 | |
| 科图分类: | ||
| 主题词: | 企业管理--qi ye guan li--职工培训 | |
| 电子资源: | ||
| ISBN: | 978-7-111-55409-7 | |
| 000 | 00875nam0 22002651 450 | |
| 001 | 0115101131 | |
| 005 | 20170415101131.0 | |
| 010 | @a978-7-111-55409-7@b精装@dCNY49.00 | |
| 100 | @a20170303d2017 em y0chiy50 ea | |
| 101 | 0 | @achi |
| 102 | @aCN@b110000 | |
| 105 | @aa z 000yy | |
| 106 | @ar | |
| 200 | 1 | @a微课@Awei ke@dMicro-course@e快学、快用、快设计@f唐绪莹,熊洁著@zeng |
| 210 | @a北京@c机械工业出版社@d2017 | |
| 215 | @a17,224页@c彩图@d22cm | |
| 330 | @a本书从学习管理者规划、专业开发者方法、快速开发者实战三篇对微课做了全面的介绍。 | |
| 510 | 1 | @aMicro-course@zeng |
| 517 | 1 | @a快学、快用、快设计@Akuai xue kuai yong kuai she ji |
| 606 | 0 | @a企业管理@Aqi ye guan li@x职工培训 |
| 690 | @aF272.921@v5 | |
| 701 | 0 | @a唐绪莹@Atang xu ying@4著 |
| 701 | 0 | @a熊洁@Axiong jie@4著 |
| 801 | 0 | @aCN@bTANGWEI@c20170308 |
| 905 | @b0964827-30@dF272.921@e1373@f4 | |
| 微课=Micro-course:快学、快用、快设计/唐绪莹,熊洁著.-北京:机械工业出版社,2017 |
| 17,224页:彩图;22cm |
| ISBN 978-7-111-55409-7(精装):CNY49.00 |
| 本书从学习管理者规划、专业开发者方法、快速开发者实战三篇对微课做了全面的介绍。 |
| ● |
| 相关链接 |
|
|
|
|
正题名:微课
索取号:F272.921/1373
 
预约/预借
| 序号 | 登录号 | 条形码 | 馆藏地/架位号 | 状态 | 备注 |
| 1 | 0964827 | 209648274 | 第一样本阅览室/ [索取号:F272.921/1373] | 在馆 | |
| 2 | 0964828 | 209648283 | 密集书库-海洋学院/ [索取号:F272.921/1373] | 在馆 | |
| 3 | 0964829 | 209648292 | 第一借阅区/ [索取号:F272.921/1373] | 在馆 | |
| 4 | 0964830 | 209648309 | 第一借阅区/ [索取号:F272.921/1373] | 在馆 |